| 000 | 01093nam a2200265Ia 4500 | ||
|---|---|---|---|
| 999 |
_c54332 _d54332 |
||
| 001 | 21388 | ||
| 003 | GE_BSU | ||
| 005 | 20211108153159.0 | ||
| 008 | 181216s2017||||ge |||||||||||||| ||geo|| | ||
| 020 | _a9789941270895 | ||
| 040 | _cGE_BSU | ||
| 041 | _ageo | ||
| 080 | _a37(479.22)+371.011.31-051 დ-78 | ||
| 100 |
_aდოღონაძე, ნათელა _912858 |
||
| 245 |
_aგანათლების მეცნიერება / _cნათელა დოღონაძე ; ენის რედ. ქ. სიხარულიძე. |
||
| 250 | _aპირველი გამოცემა | ||
| 264 |
_aთბილისი : _bუნივერსალი, _c2017. |
||
| 300 |
_a257გვ. ; _c22 სმ. _e+CD. |
||
| 541 | _h11 ლ. | ||
| 653 | _aგანათლება საქართველოში | ||
| 653 | _aმასწავლებლობა | ||
| 653 | _aგანათლების მეცნიერება | ||
| 700 |
_aსიხარულიძე, ქ. _eრედაქტორი _94124 |
||
| 942 |
_cBK _2udc |
||